| 000 | 01209nam a22002891u 4500 | ||
|---|---|---|---|
| 001 | 03470 | ||
| 003 | HDC | ||
| 007 | cr bn --- | ||
| 008 | 210109p2014 my fo d 00 g | ||
| 040 | _aHDC | ||
| 100 |
_aMalaysia. _bKementerian Pelancongan dan Kebudayaan _92902 |
||
| 110 |
_a Malaysia. _bMinistry of Tourism and Culture Malaysia |
||
| 245 | 0 |
_aMalaysia Islamic Tourism: _bfacts and figures in brief |
|
| 260 |
_a Putrajaya : _bIslamic Tourism Centre, _c2014 |
||
| 300 | _a16 pages | ||
| 336 |
_atext _2rdacontent |
||
| 337 |
_acomputer _2rdamedia |
||
| 338 |
_aonline resource _2rdacarrier |
||
| 650 |
_aPublic administration _vPeriodicals _zMalaysia _92885 |
||
| 650 |
_aTourism _v Periodicals _zMalaysia _92884 |
||
| 650 |
_aTourism _vPeriodicals _x Religious aspects -- Islam _92883 |
||
| 856 | _zRequest full-text at [email protected] | ||
| 856 | _zRequest full-text at [email protected] | ||
| 942 | _2lcc | ||
| 942 | _cEIS | ||
| 942 | _kREPT 000088 | ||
| 999 |
_c856 _d856 |
||